LEADER 01490nam a2200313 u 4500 001 000000029426 003 CaOOAMICUS 005 20070226111921.0 008 970310s1927 it u000 u ita u 035 $a10755145 040 $aBAV$bita 100 1 $aMonticelli, Giuseppe,$d1886-$0(OLS)http://pul/name/5997 245 10$aItalia religiosa.$n[I],$pLa religione del popolo italiano nel suo sviluppo storico /$cGiuseppe Monticelli. 246 1 $aReligione del popolo italiano nel suo sviluppo storico 260 $aTorino :$bF.lli Bocca,$c1927. 300 $axvi, 474 p. ;$c21 cm 490 1 $aPiccola biblioteca di scienze moderne ;$v346 504 $aBibliografia: p. xv-xvi. 651 4$aItalia$xStoria ecclesiastica.$0(OLS)http://pul/subject/5531 830 0$aPiccola biblioteca di scienze moderne ;$v346.$0(OLS)http://pul/title/4217 850 $aPUL 852 $aPUL$W1$xDP1 Fondo Cecchetti$y53$m270 B 22$j40790$nBK-PRI$b $qFondi$B40790$CPULBib$Z2$F40790 $HPUL2994 $81 852 $aPUL$W1$xDP2 Filosofia 1$y62$m107 D 1$j16727$nBK-PRI$b $qStampati$B40789$CPULBib$Z2$F40789 $81 941 1 $a1 941 1 $a8 961 $aINV: 14274 996 $6245$aItalia religiosa.$n[I],$pLa religione del popolo italiano nel suo sviluppo storico$9(OLS)http://pul/title/40282 996 $6246$aReligione del popolo italiano nel suo sviluppo storico$9(OLS)http://pul/title/40283 996 $6260$aTorino :$bF.lli Bocca$9(OLS)http://pul/publisher/48948 LEADER 01287nam a2200337 a 4500 001 000000134138 003 CaOOAMICUS 005 20130529133013.0 008 130529s2002 it 000 u ita r 020 $z88-17-86952-X* 040 $aPUL$bita 041 1 $aita$heng 100 1 $aHardt, Michael.$0(OLS)http://pul/name/86438 240 10$aEmpire.$lItaliano.$0(OLS)http://pul/title/169578 245 10$aImpero :$bil nuovo ordine della globalizzazione /$cMichael Hardt, Antonio Negri. 250 $a6. ed. 260 $aMilano :$bRizzoli,$c2002. 300 $a451 p. ;$c23 cm 490 1 $aCollana storica Rizzoli 504 $aBibliografia nelle note. 650 4$aImpero.$0(OLS)http://pul/subject/1965 700 1 $aNegri, Antonio.$0(OLS)http://pul/name/17531 830 0$aCollana storica Rizzoli.$0(OLS)http://pul/title/19867 850 $aPUL 852 $aPUL$W1$xDP1 Fondo E. Rossi$y115$m1 N 9$j154215$qFondi$B153769$CPULBib$Z2$F153769 $82 941 1 $a1 961 $aSul dorso collocazione ms. di E. Rossi: N 5 1 996 $6020$z88-17-86952-X*$9(OLS)http://pul/number/152871 996 $6245$aImpero :$bil nuovo ordine della globalizzazione$9(OLS)http://pul/title/169577 996 $6260$aMilano :$bRizzoli$9(OLS)http://pul/publisher/48712